00454nam a2200133Ia 4500008004100000020001400041040004400055100001700099245005700116260003800173300004600211500004800257999001500305180412s9999||||xx |||||||||||||| ||und|| a723401861 aAhmadu Bello University Library - Zaria aEmond,R.T.D. 0aAcolour Atlas of Infectious Diseasescby R.T.D.Emond aLondonbWolfe Medical Booksc1974 a384p.: ill.; diagrs.; pictures and tables aIncludes bibliographical references & index c2362d2362